[Event "La Zubia op"]
[Site "La Zubia"]
[Date "2023.12.07"]
[Round "1"]
[White "Giraldez Requena, Hugo"]
[Black "Gonzalez Castillo, Jose Javier"]
[Result "0-1"]
[WhiteElo "1585"]
[BlackElo "2179"]
[PlyCount "88"]
[EventDate "2023.12.07"]
[EventType "swiss"]
[EventRounds "7"]
[EventCountry "ESP"]
[SourceTitle "CB50_2023"]
[SourceDate "2023.12.13"]
[SourceVersion "1"]
[SourceVersionDate "2023.12.13"]
[SourceQuality "1"]

1. e4 c5 2. Nf3 e6 3. d4 cxd4 4. Nxd4 Nc6 5. Nc3 Qc7 6. Be3 a6 7. Be2 Nf6 8. 0-0 Be7 9. Re1 0-0 10. Qd2 b5 11. a3 Bb7 12. Bf3 Ne5 13. Bf4 d6 14. Bxe5 dxe5 15. Nb3 Nd7 16. Qe2 Nb6 17. Nd2 Rfd8 18. Red1 g6 19. Qe1 Bc5 20. Nb3 Nc4 21. Rab1 Rxd1 22. Nxd1 Bb6 23. Nd2 Nd6 24. Nc3 Bd4 25. Nb3 Bxc3 26. bxc3 Rc8 27. Rd1 Nc4 28. Ra1 Nb6 29. Rd1 Na4 30. c4 Nb2 31. Ra1 Nxc4 32. Ra2 Qd7 33. h3 Rd8 34. Nc5 Qc6 35. Nxb7 Qxb7 36. a4 b4 37. Ra1 Na3 38. Rc1 Rc8 39. Qd2 Nc4 40. Qe1 a5 41. Qe2 Qc6 42. Ra1 Na3 43. Qd3 Qc3 44. Be2 Qxa1+ 0-1

[Event "ESP-ch U10"]
[Site "Salobrena"]
[Date "2023.07.07"]
[Round "7"]
[White "De Pablos Vicente, Angel"]
[Black "Giraldez Requena, Hugo"]
[Result "1-0"]
[WhiteElo "1288"]
[BlackElo "1512"]
[PlyCount "143"]
[EventDate "2023.07.03"]
[EventType "swiss"]
[EventRounds "9"]
[EventCountry "ESP"]
[SourceTitle "EXT 2024"]
[Source "ChessBase"]
[SourceDate "2023.10.10"]
[SourceVersion "1"]
[SourceVersionDate "2023.10.10"]
[SourceQuality "1"]

1. e4 c5 2. Nf3 g6 3. d4 cxd4 4. Qxd4 Nf6 5. Nc3 Nc6 6. Qa4 d6 7. e5 dxe5 8. Nxe5 Bd7 9. Nxd7 Qxd7 10. Be3 Bg7 11. Rd1 Qc8 12. Be2 0-0 13. 0-0 a6 14. Qh4 Rd8 15. Rxd8+ Qxd8 16. Rd1 Qf8 17. Bb6 e6 18. a3 Rc8 19. Be3 Ne7 20. Qb4 Ned5 21. Qxf8+ Kxf8 22. Bd4 Nxc3 23. Bxc3 Nd5 24. Bxg7+ Kxg7 25. c3 Nb6 26. Bf3 Rc7 27. Rd4 Nc4 28. Bxb7 e5 29. Rg4 f5 30. Rxc4 Rxc4 31. Bxa6 Re4 32. f3 Re1+ 33. Kf2 Rb1 34. b4 Rb3 35. c4 Rxa3 36. b5 Rb3 37. c5 Rc3 38. b6 Rxc5 39. b7 Rc2+ 40. Ke3 Rb2 41. Kd3 Kf8 42. Kc4 Rb6 43. Kc5 Rxb7 44. Bxb7 Ke7 45. Kd5 Kf6 46. Ba6 g5 47. g4 fxg4 48. fxg4 Kg6 49. Bd3+ Kg7 50. Kxe5 h5 51. h3 Kh6 52. Kf5 h4 53. Bc4 Kg7 54. Kxg5 Kh7 55. Kxh4 Kh6 56. Bd3 Kg7 57. Kg5 Kh8 58. Bh7 Kg7 59. Be4 Kh8 60. Bh1 Kg7 61. h4 Kh7 62. Kf6 Kh8 63. Kf7 Kh7 64. g5 Kh8 65. h5 Kh7 66. g6+ Kh6 67. g7 Kxh5 68. g8Q Kh4 69. Bg2 Kh5 70. Kf6 Kh4 71. Kf5 Kh5 72. Qg5# 1-0

[Event "Seville City-ch Rapid"]
[Site "Seville"]
[Date "2023.02.28"]
[Round "1"]
[White "Balbuena Fuentes, Mario"]
[Black "Giraldez Requena, Hugo"]
[Result "1-0"]
[WhiteElo "2258"]
[BlackElo "1406"]
[PlyCount "59"]
[EventDate "2023.02.28"]
[EventType "swiss (rapid)"]
[EventRounds "7"]
[EventCountry "ESP"]
[SourceTitle "CBM 213 Extra"]
[Source "ChessBase"]
[SourceDate "2023.05.31"]
[SourceVersion "1"]
[SourceVersionDate "2023.05.31"]
[SourceQuality "1"]

1. Nf3 c5 2. e4 g6 3. d4 cxd4 4. Nxd4 Bg7 5. c4 Nc6 6. Be3 d6 7. Nc3 Nf6 8. Be2 Bd7 9. 0-0 0-0 10. h3 Nxd4 11. Bxd4 Bc6 12. Qc2 Qc7 13. b4 b5 14. c5 a6 15. Rac1 Rac8 16. Rfd1 Rfd8 17. a4 bxa4 18. Bxa6 Ra8 19. Bc4 d5 20. exd5 Bxd5 21. Nxd5 Nxd5 22. Bxg7 Nxb4 23. Qc3 Qxc5 24. Bxf7+ Kxf7 25. Qxc5 Na6 26. Qe5 a3 27. Bh6 Rg8 28. Qd5+ Kf6 29. Rc6+ e6 30. Qxe6# 1-0

[Event "ESP-ch U10 Rapid"]
[Site "Salobrena"]
[Date "2022.07.10"]
[Round "8"]
[White "Giraldez Requena, Hugo"]
[Black "Burriel Ureta, Raul"]
[Result "0-1"]
[WhiteElo "1349"]
[BlackElo "1462"]
[PlyCount "116"]
[EventDate "2022.07.09"]
[EventType "swiss (rapid)"]
[EventRounds "9"]
[EventCountry "ESP"]
[SourceTitle "EXT 2023"]
[Source "ChessBase"]
[SourceDate "2022.10.05"]
[SourceVersion "1"]
[SourceVersionDate "2022.10.05"]
[SourceQuality "1"]

1. e4 c5 2. Nf3 Nc6 3. d4 cxd4 4. Nxd4 e6 5. Nc3 Nf6 6. Be3 Bb4 7. Bd3 d5 8. exd5 Nxd5 9. Nxc6 bxc6 10. Bd2 Nxc3 11. Bxc3 Bxc3+ 12. bxc3 0-0 13. 0-0 e5 14. Be4 Bd7 15. Qf3 Rc8 16. Rfd1 Qe7 17. Rab1 f5 18. Bd3 e4 19. Bc4+ Be6 20. Bxe6+ Qxe6 21. Qg3 Rf6 22. Rb8 Rcf8 23. Rb7 Rg6 24. Qc7 f4 25. Rd7 Qf6 26. h4 e3 27. Re7 exf2+ 28. Kxf2 Qxh4+ 29. Ke2 Rxg2+ 30. Kd3 Rg3+ 31. Kc4 f3+ 32. Kb3 Qg5 33. Rb8 Qf6 34. Rxf8+ Qxf8 35. Qxg3 Qxe7 36. Qxf3 Qf7+ 37. Qxf7+ Kxf7 38. Kc4 h5 39. Kc5 h4 40. Kxc6 h3 41. c4 h2 42. c5 h1Q+ 43. Kc7 Ke7 44. c6 Qd5 45. a4 Qd6+ 46. Kb7 Qb4+ 47. Kxa7 Qxa4+ 48. Kb7 Qb5+ 49. Kc7 g5 50. c3 g4 51. c4 Qxc4 52. Kb7 Kd8 53. Kb6 g3 54. Kb7 g2 55. Kb8 Qxc6 56. Ka7 Qb5 57. Ka8 Kc7 58. Ka7 Qa5# 0-1

[Event "ESP-ch U10 Rapid"]
[Site "Salobrena"]
[Date "2022.07.10"]
[Round "7"]
[White "Kaji Senas, Tarek"]
[Black "Giraldez Requena, Hugo"]
[Result "0-1"]
[WhiteElo "1346"]
[BlackElo "1349"]
[PlyCount "100"]
[EventDate "2022.07.09"]
[EventType "swiss (rapid)"]
[EventRounds "9"]
[EventCountry "ESP"]
[SourceTitle "EXT 2023"]
[Source "ChessBase"]
[SourceDate "2022.10.05"]
[SourceVersion "1"]
[SourceVersionDate "2022.10.05"]
[SourceQuality "1"]

1. e4 c5 2. Nc3 g6 3. Nf3 Bg7 4. d4 cxd4 5. Nxd4 Nc6 6. Be3 Nf6 7. Bc4 Qa5 8. 0-0 0-0 9. Qd3 Ne5 10. Qe2 Nxc4 11. Qxc4 d6 12. Nb3 Qd8 13. Qd3 Be6 14. f4 Rc8 15. f5 Bc4 16. Qd2 Bxf1 17. Rxf1 a6 18. fxg6 fxg6 19. Bh6 Qb6+ 20. Kh1 Qc6 21. Bxg7 Kxg7 22. Nd4 Qd7 23. Qg5 Nxe4 24. Nf5+ Rxf5 25. Rxf5 Qxf5 26. Qxe7+ Qf7 27. Qxf7+ Kxf7 28. Nxe4 Rxc2 29. g3 Rxb2 30. Nxd6+ Ke6 31. Nc4 Rxa2 32. Nb6 Rb2 33. Nc4 Rb1+ 34. Kg2 b5 35. Na5 b4 36. Kf2 b3 37. Nc4 b2 38. Nxb2 Rxb2+ 39. Ke3 a5 40. Kd3 a4 41. h4 a3 42. h5 gxh5 43. g4 a2 44. gxh5 a1Q 45. h6 Qd1+ 46. Kc3 Qc1+ 47. Kd3 Rd2+ 48. Ke4 Qe1+ 49. Kf4 Rf2+ 50. Kg3 Qg1+ 0-1

[Event "ESP-ch U08"]
[Site "Salobrena"]
[Date "2022.06.30"]
[Round "3"]
[White "Giraldez Requena, Hugo"]
[Black "Irujo Iraizoz, Alex"]
[Result "1-0"]
[WhiteElo "1349"]
[BlackElo "1080"]
[PlyCount "55"]
[EventDate "2022.06.29"]
[EventType "swiss"]
[EventRounds "9"]
[EventCountry "ESP"]
[SourceTitle "EXT 2023"]
[Source "ChessBase"]
[SourceDate "2022.10.05"]
[SourceVersion "1"]
[SourceVersionDate "2022.10.05"]
[SourceQuality "1"]

1. e4 c5 2. Nf3 e6 3. d4 cxd4 4. Nxd4 a6 5. Nc3 b5 6. Be3 Bb7 7. a3 Qc7 8. Bd3 Nf6 9. 0-0 Be7 10. Nb3 0-0 11. Re1 d5 12. exd5 Bxd5 13. Nxd5 exd5 14. Bg5 h6 15. Bh4 Nc6 16. c3 Rad8 17. Nd4 Nxd4 18. cxd4 Rfe8 19. Rc1 Qb8 20. Re3 Bd6 21. Bxf6 Bxh2+ 22. Kh1 gxf6 23. Qg4+ Kh8 24. Qh4 Bf4 25. Qxf6+ Kg8 26. Rf3 Bxc1 27. Qxf7+ Kh8 28. Qh7# 1-0